| 000 | 00448nam a22001817a 4500 | ||
|---|---|---|---|
| 005 | 20230821112208.0 | ||
| 008 | 230818b |||||||| |||| 00| 0 eng d | ||
| 020 | _a978-93-80704-66-1 | ||
| 041 | _aeng | ||
| 082 | _a616.89 AHU -S | ||
| 100 |
_aAHUJA, NIRAJ _98118 |
||
| 245 | _aA SHORT TEXTBOOK OF PSYCHIATRY | ||
| 250 | _a7TH, ED.2023 | ||
| 260 |
_aNEW DELHI _bJAYPEE BROTHERS _c2023 |
||
| 300 | _a261; P | ||
| 650 |
_aBPT _98119 |
||
| 942 | _cBK | ||
| 999 |
_c8392 _d8390 |
||